00415nam a22001697a 450000500170000000800410001702000170005804100080007508200090008310000210009224500440011326000370015730000090019465000200020394200070022399900150023020160521145043.0160521b xxu||||| |||| 00| 0 eng d a81-8054004-9 aeng b3849 aGupta S. C.9978 aFundamentals of Mathematical Statistics aNew DelhibSultan Chand & Sons,  aA-42 aManagement9241 cBK c1330d1330